Nyitrán harcra kész az ötödik kar László Béla professzor vezetésével képzik a magyar ajkú pedagógusokat

Bibliographic Details
Main Author: Vrabec, Mária, 1970- (Author)
Format: Article
Language:Hungarian
Subjects:

MARC

LEADER 00000nab a2200000 a 4500
001 vtls000857159
003 SK-MaSNL
005 20260318124827.0
008 160405c2003 xo 0 hun
015 |a SNBRB2003/12-36868 
035 |a CLN000208813 
040 |a SNKBUCL  |b slo  |c SNKBUCL  |e AACR2 
041 0 |a hun 
044 |a xo  |c SK 
080 |a 378.4.096(437.6):061.7  |2 1997 
100 1 |a Vrabec, Mária,  |d 1970-  |4 aut  |9 102331 
245 1 0 |a Nyitrán harcra kész az ötödik kar  |b László Béla professzor vezetésével képzik a magyar ajkú pedagógusokat  |c Vrabec Mária 
610 7 |a Univerzita Konštantína Filozofa v Nitre.  |b Fakulta stredoeurópskych štúdií  |2 snkbucl  |9 180058 
651 7 |a 403  |2 snkbucl  |9 287051 
655 7 |a články z novín a časopisov  |2 snkbucl  |9 267496 
773 0 |t Új szó  |g Roč. 56, č. 273 (28.11.2003), s. 1 
850 |a Slovenská národná knižnica v Martine 
852 |a SNK  |b KIS3GCP 
958 |a HU 
958 |a SK 
958 |a RBX 
999 |c 2575803  |d 2577733